Normal view
MARC view
Entry Meeting Name
001 - CONTROL NUMBER
- control field: 14240
003 - CONTROL NUMBER IDENTIFIER
- control field: OSt
005 - DATE AND TIME OF LATEST TRANSACTION
- control field: 20211105133759.0
008 - FIXED-LENGTH DATA ELEMENTS
- fixed length control field: 211105|| aca||aabn | a|a d
040 ## - CATALOGING SOURCE
- Original cataloging agency: OSt
- Transcribing agency: OSt
111 ## - HEADING--MEETING NAME
- Meeting name or jurisdiction name as entry element: Conference on Solar Wind Five, Sponsored By NASA Headquarters and the Jet Propulsion Laboratory
- Location of meeting: Woodstock, Vermont
- Date of meeting or treaty signing: 1982 Nov.1-5
670 ## - SOURCE DATA FOUND
- Source citation: Work cat.: (OSt): Conference on Solar Wind Five, Sponsored By NASA Headquarters and the Jet Propulsion Laboratory Woodstock, Vermont 1982 Nov.1-5, Solar wind five, 1983